Library of the University of Algiers 3
Ibrahim Sultan Cheibout
شعار جامعة الجزائر 3
مكتبة جامعة الجزائر 3
إبراهيم سلطان شيبوط

مقدمة في مبادئ التأمين : (رقم التسجيلة. 45389)

تفاصيل مارك
000 -LEADER
fixed length control field 01242nam a2200217Ia 4500
003 - CONTROL NUMBER IDENTIFIER
control field Ost
005 - DATE AND TIME OF LATEST TRANSACTION
control field 20260507075640.0
008 - FIXED-LENGTH DATA ELEMENTS--GENERAL INFORMATION
fixed length control field 260507s9999||||xx |||||||||||||| ||und||
040 ## - CATALOGING SOURCE
Transcribing agency fsecg
041 ## - LANGUAGE CODE
Language code of text/sound track or separate title ara
082 ## - DEWEY DECIMAL CLASSIFICATION NUMBER
Classification number 368
100 ## - MAIN ENTRY--PERSONAL NAME
Personal name الهاشي، مختار
Relator term مؤلف
245 #0 - TITLE STATEMENT
Title مقدمة في مبادئ التأمين :
Remainder of title بين النظرية والتطبيق /
Statement of responsibility, etc. مختار الهاشي
260 ## - PUBLICATION, DISTRIBUTION, ETC.
Place of publication, distribution, etc. الإسكندرية:
Name of publisher, distributor, etc. الدار الجامعية,
Date of publication, distribution, etc. 2000
300 ## - PHYSICAL DESCRIPTION
Extent 419 صفحة؛
Dimensions 24 سم
520 ## - SUMMARY, ETC.
Summary, etc. الخطر والتأمين ، الإطار العام للخطر التأمين كوسيلة لمواجهة الخطر ،الـتأمين نشأته وتطوره وأنواعه،أنواع هيئات التأمين ،المبادئ القانونية لعقد التأمين ،التأمين البحري ،تأمين السيارات ،تأمين احجروالوفاة والشيخوخة ، الإسراف والرقابة ،تأمين الحياة ، الأنواع والأسس الرياضية في حساب اقساطه
653 ## - INDEX TERM--UNCONTROLLED
Uncontrolled term التأمين
653 ## - INDEX TERM--UNCONTROLLED
Uncontrolled term الخطر والـتأمين
700 ## - ADDED ENTRY--PERSONAL NAME
Personal name حمودة، أبراهيم عبد النبي
Relator term مؤلف ثانوي
942 ## - ADDED ENTRY ELEMENTS (KOHA)
Koha item type كتب
المقتنيات
Withdrawn status Lost status Source of classification or shelving scheme Damaged status Not for loan Home library Current library Date acquired Serial enumeration / chronology Inventory number Total checkouts Full call number Barcode Date last seen Price effective from Koha item type
    Dewey Decimal Classification   NOT LOAN / إعارة داخلية مكتبة كلية العلوم الإقتصادية والعلوم التجارية وعلوم التسيير مكتبة كلية العلوم الإقتصادية والعلوم التجارية وعلوم التسيير 07/05/2026 الطابق الأرضي 891/1   أ/891ن1 891/1 07/05/2026 07/05/2026 كتب
    Dewey Decimal Classification   Available مكتبة كلية العلوم الإقتصادية والعلوم التجارية وعلوم التسيير مكتبة كلية العلوم الإقتصادية والعلوم التجارية وعلوم التسيير 07/05/2026 الطابق الأرضي 891/2   أ/891ن2 891/2 07/05/2026 07/05/2026 كتب
    Dewey Decimal Classification   Available مكتبة كلية العلوم الإقتصادية والعلوم التجارية وعلوم التسيير مكتبة كلية العلوم الإقتصادية والعلوم التجارية وعلوم التسيير 07/05/2026 الطابق الثاني 891/3   أ/891ن3 891/3 07/05/2026 07/05/2026 كتب

موارد الويب المفتوحة


© University of Algiers 3 All Rights Reserved
|
Implemented by LECHELAH Riad